|
|
|
|
| LEADER |
00000nam0a2200000 4500 |
| 001 |
169154 |
| 005 |
20231031163321.0 |
| 020 |
|
|
|a RU
|b 84-42485
|
| 035 |
|
|
|a (RuTPU)RU\TPU\book\183493
|
| 090 |
|
|
|a 169154
|
| 100 |
|
|
|a 20091106d1984 m y0rusy5003 ca
|
| 101 |
0 |
|
|a rus
|
| 102 |
|
|
|a RU
|
| 105 |
|
|
|a y z 000zy
|
| 200 |
1 |
|
|a Дети военной поры
|e сборник
|f сост. Э. М. Максимова
|
| 210 |
|
|
|a Москва
|c Политиздат
|d 1984
|
| 215 |
|
|
|a 352 с.
|d 21 см
|
| 610 |
1 |
|
|a Великая Отечественная война 1941-1945
|
| 610 |
1 |
|
|a сборники
|
| 610 |
1 |
|
|a дети
|
| 610 |
1 |
|
|a подростки
|
| 610 |
1 |
|
|a дети
|
| 675 |
|
|
|a 9(С)27
|z rus
|
| 702 |
|
1 |
|a Максимова
|b Э. М.
|g Элла Максовна
|4 220
|
| 801 |
|
0 |
|a RU
|b RuMRKP
|c 19950704
|g psbo
|
| 801 |
|
1 |
|a RU
|b 63413507
|c 20091106
|
| 801 |
|
2 |
|a RU
|b 63413507
|c 20140303
|g RCR
|
| 942 |
|
|
|c BK
|